000 00568 a2200205 4500
005 20250227151017.0
008 250204b |||||||| |||| 00| 0 eng d
020 _a9789391910945
_cRs. 895.00
040 _aMAIN
082 _a615.19
_bS71P
100 _aSaravanan, G
245 _aPharmaceutical biochemistry: A comprehensive approach
260 _bPharmaMed Press
_a2022
_cHyderabad
300 _axix, 518
650 _aPharmaceutical Biochemistry
650 _aPharmaceutical Science
650 _aImmunochemistry
700 _aAlagarsamy, V
942 _cBK
999 _c360909
_d360909